We. The Revolution, a Review. Vive la Revolution or Death and All His Friends
Review of the video game We. The Revolution
| Main Author: | |
|---|---|
| Format: | Electronic Review |
| Language: | German |
| Check availability: | HBZ Gateway |
| Interlibrary Loan: | Interlibrary Loan for the Fachinformationsdienste (Specialized Information Services in Germany) |
| Published: |
[2019]
|
| In: |
Gamevironments
Year: 2019, Volume: 11, Pages: 134-141 |
| RelBib Classification: | ZC Politics in general ZG Media studies; Digital media; Communication studies |
| Further subjects: | B
gamevironments
B Book review B Nationalism B Video Game Review B French Revolution B We. The Revolution |
| Online Access: |
Volltext (kostenfrei) Volltext (kostenfrei) |
MARC
| LEADER | 00000caa a22000002c 4500 | ||
|---|---|---|---|
| 001 | 1742290957 | ||
| 003 | DE-627 | ||
| 005 | 20211027151217.0 | ||
| 007 | cr uuu---uuuuu | ||
| 008 | 201208s2019 xx |||||oo 00| ||ger c | ||
| 024 | 7 | |a urn:nbn:de:gbv:46-00107848-16 |2 urn | |
| 035 | |a (DE-627)1742290957 | ||
| 035 | |a (DE-599)KXP1742290957 | ||
| 040 | |a DE-627 |b ger |c DE-627 |e rda | ||
| 041 | |a ger | ||
| 084 | |a 0 |2 ssgn | ||
| 100 | 1 | |a Recher, Kevin |e VerfasserIn |4 aut | |
| 245 | 1 | 0 | |a We. The Revolution, a Review. Vive la Revolution or Death and All His Friends |
| 264 | 1 | |c [2019] | |
| 336 | |a Text |b txt |2 rdacontent | ||
| 337 | |a Computermedien |b c |2 rdamedia | ||
| 338 | |a Online-Ressource |b cr |2 rdacarrier | ||
| 520 | |a Review of the video game We. The Revolution | ||
| 601 | |a Revolution | ||
| 650 | 4 | |a French Revolution | |
| 650 | 4 | |a Nationalism | |
| 650 | 4 | |a Video Game Review | |
| 650 | 4 | |a We. The Revolution | |
| 650 | 4 | |a gamevironments | |
| 652 | |a ZC:ZG | ||
| 655 | 7 | |a Rezension |0 (DE-588)4049712-4 |0 (DE-627)106186019 |0 (DE-576)209083166 |2 gnd-content | |
| 773 | 0 | 8 | |i Enthalten in |t Gamevironments |d Bremen : [Verlag nicht ermittelbar], 2014 |g 11(2019), Seite 134-141 |h Online-Ressource |w (DE-627)815396848 |w (DE-600)2805691-7 |w (DE-576)424664925 |x 2364-382X |7 nnas |
| 773 | 1 | 8 | |g volume:11 |g year:2019 |g pages:134-141 |
| 856 | 4 | 0 | |u https://media.suub.uni-bremen.de/handle/elib/3595 |x Verlag |z kostenfrei |3 Volltext |7 0 |
| 856 | 4 | 0 | |u http://nbn-resolving.de/urn:nbn:de:gbv:46-00107848-16 |x Resolving-System |z kostenfrei |3 Volltext |7 0 |
| 951 | |a AR | ||
| ELC | |a 1 | ||
| LOK | |0 000 xxxxxcx a22 zn 4500 | ||
| LOK | |0 001 3819311157 | ||
| LOK | |0 003 DE-627 | ||
| LOK | |0 004 1742290957 | ||
| LOK | |0 005 20211027151217 | ||
| LOK | |0 008 201208||||||||||||||||ger||||||| | ||
| LOK | |0 040 |a DE-Tue135 |c DE-627 |d DE-Tue135 | ||
| LOK | |0 092 |o n | ||
| LOK | |0 852 |a DE-Tue135 | ||
| LOK | |0 852 1 |9 00 | ||
| LOK | |0 935 |a ixzs |a ixzo | ||
| LOK | |0 936ln |0 1764172264 |a ZG | ||
| LOK | |0 936ln |0 1550736965 |a ZC | ||
| LOK | |0 939 |a 08-12-20 |b l01 | ||
| OAS | |a 1 | ||
| ORI | |a SA-MARC-ixtheoa001.raw | ||
| REL | |a 1 | ||
| SUB | |a REL | ||



